000 00380nam a2200145Ia 4500
008 240624s9999 xx 000 0 und d
041 _aeng
082 _a344.02 KUM
100 _aKUMAR H L
245 _aPRACTICAL GUIDE TO EMPLOYEES STATE INSUR
250 _a(5th ed.)
260 _c2005
_aDelhi
_bUniversal Law Publishing
300 _axxxix, : 360 : p. : cm. ; 24
365 _cRS
999 _c2521
_d2521